00328nam a2200097Ia 45000010005000000080041000050820020000461000047000662450093001132600024002062842241024s9999 xx 000 0 und d aRD/333.72/F673p aFondo para el Medio Ambiente Mundial, FMAM 0aPlan maestro actualizado para el manejo de las cuencas altas de la presa de Sabana Yegua bSanto Domingoc2013